Fintechy v EU rostou jako houby po dešti. Máte v nich přehled?

Otvorené bankovníctvo okrem nesporných výhod prináša so sebou aj hrozby. Príklady možných riešení pre banky v rámci posilnenia bezpečnosti. Stručný prehľad počtu poskytovateľov finančných služieb podľa PSD 2 v EÚ.

Enregistré dans:
Détails bibliographiques
Format: Chapitre de livre
Langue:tchèque
Sujets:
Tags: Ajouter un tag
Pas de tags, Soyez le premier à ajouter un tag!

MARC

LEADER 00000naa a2200000 4500
001 0267478
005 20260325125207.5
041 0 |a cze 
044 |a CZ 
245 1 0 |a Fintechy v EU rostou jako houby po dešti. Máte v nich přehled? 
520 |a Otvorené bankovníctvo okrem nesporných výhod prináša so sebou aj hrozby. Príklady možných riešení pre banky v rámci posilnenia bezpečnosti. Stručný prehľad počtu poskytovateľov finančných služieb podľa PSD 2 v EÚ. 
610 2 0 |a technológie nové 
610 2 0 |a technológie informačné 
610 2 0 |a technológie komunikačné 
610 2 0 |a bankovníctvo elektronické 
610 2 0 |a bankovníctvo otvorené 
610 2 0 |a systémy informačné